| 000 | 00556nam a2200205Ia 4500 | ||
|---|---|---|---|
| 003 | GCL | ||
| 008 | 140319s9999 xx 000 0 ara d | ||
| 040 |
_aGCL / _cGCL |
||
| 082 | 0 | 4 |
_a929.1 _bا ا |
| 100 | 1 | _aالاندلسى | |
| 245 | 1 | 0 |
_aانساب العرب / _cالاندلسى |
| 700 | 1 | _aكرم البستانى | |
| 260 |
_a[S.N] : _bمكتبة الصادر ، _c1952 |
||
| 300 | _a204 ص | ||
| 490 |
_aالعقد الفريد _v0 |
||
| 650 | 0 | 4 | _aالتراجم |
| 650 | 0 | 4 | _aالادباء |
| 650 | 0 | 4 | _aالانساب |
| 942 |
_2ddc _cBK |
||
| 999 |
_c58958 _d58958 |
||